<?xml version="1.0" encoding="UTF-8"?><?xml-stylesheet type="text/xsl" href="static/style.xsl"?><OAI-PMH xmlns="http://www.openarchives.org/OAI/2.0/" xmlns:xsi="http://www.w3.org/2001/XMLSchema-instance" xsi:schemaLocation="http://www.openarchives.org/OAI/2.0/ http://www.openarchives.org/OAI/2.0/OAI-PMH.xsd"><responseDate>2026-04-17T05:18:10Z</responseDate><request verb="GetRecord" identifier="oai:www.recercat.cat:10256/15788" metadataPrefix="marc">https://recercat.cat/oai/request</request><GetRecord><record><header><identifier>oai:recercat.cat:10256/15788</identifier><datestamp>2024-05-21T10:36:50Z</datestamp><setSpec>com_2072_452955</setSpec><setSpec>com_2072_2054</setSpec><setSpec>col_2072_452960</setSpec></header><metadata><record xmlns="http://www.loc.gov/MARC21/slim" xmlns:dcterms="http://purl.org/dc/terms/" xmlns:xsi="http://www.w3.org/2001/XMLSchema-instance" xmlns:doc="http://www.lyncode.com/xoai" xsi:schemaLocation="http://www.loc.gov/MARC21/slim http://www.loc.gov/standards/marcxml/schema/MARC21slim.xsd">
   <leader>00925njm 22002777a 4500</leader>
   <datafield ind2=" " ind1=" " tag="042">
      <subfield code="a">dc</subfield>
   </datafield>
   <datafield ind2=" " ind1=" " tag="720">
      <subfield code="a">Rabionet Díaz, Marc</subfield>
      <subfield code="e">author</subfield>
   </datafield>
   <datafield ind2=" " ind1=" " tag="720">
      <subfield code="a">Polonio Alcalá, Emma</subfield>
      <subfield code="e">author</subfield>
   </datafield>
   <datafield ind2=" " ind1=" " tag="720">
      <subfield code="a">Guerra Sánchez, Antonio</subfield>
      <subfield code="e">author</subfield>
   </datafield>
   <datafield ind2=" " ind1=" " tag="720">
      <subfield code="a">Martín Cañabate, Jessica</subfield>
      <subfield code="e">author</subfield>
   </datafield>
   <datafield ind2=" " ind1=" " tag="720">
      <subfield code="a">Puig i Miquel, Teresa</subfield>
      <subfield code="e">author</subfield>
   </datafield>
   <datafield ind2=" " ind1=" " tag="720">
      <subfield code="a">Ciurana, Quim de</subfield>
      <subfield code="e">author</subfield>
   </datafield>
   <datafield ind2=" " ind1=" " tag="260">
      <subfield code="c">2018-08-14</subfield>
   </datafield>
   <datafield ind2=" " ind1=" " tag="520">
      <subfield code="a">Open-source 3D printers mean objects can be quickly and efficiently produced. However, design and fabrication parameters need to be optimized to set up the correct printing procedure; a procedure in which the characteristics of the printing materials selected for use can also influence the process. This work focuses on optimizing the printing process of the open-source 3D extruder machine RepRap, which is used to manufacture poly(ε-caprolactone) (PCL) scaffolds for cell culture applications. PCL is a biocompatible polymer that is free of toxic dye and has been used to fabricate scaffolds, i.e., solid structures suitable for 3D cancer cell cultures. Scaffold cell culture has been described as enhancing cancer stem cell (CSC) populations related to tumor chemoresistance and/or their recurrence after chemotherapy. A RepRap BCN3D+ printer and 3 mm PCL wire were used to fabricate circular scaffolds. Design and fabrication parameters were first determined with SolidWorks and Slic3r software and subsequently optimized following a novel sequential flowchart. In the flowchart described here, the parameters were gradually optimized step by step, by taking several measurable variables of the resulting scaffolds into consideration to guarantee high-quality printing. Three deposition angles (45°, 60° and 90°) were fabricated and tested. MCF-7 breast carcinoma cells and NIH/3T3 murine fibroblasts were used to assess scaffold adequacy for 3D cell cultures. The 60° scaffolds were found to be suitable for the purpose. Therefore, PCL scaffolds fabricated via the flowchart optimization with a RepRap 3D printer could be used for 3D cell cultures and may boost CSCs to study new therapeutic treatments for this malignant population. Moreover, the flowchart defined here could represent a standard procedure for non-engineers (i.e., mainly physicians) when manufacturing new culture systems is require</subfield>
   </datafield>
   <datafield ind2=" " ind1=" " tag="520">
      <subfield code="a">This research was funded by Spanish Grants: Fundación Ramón Areces, Instituto de Salud Carlos III (PI1400329) and Ministerio de Economía y Competitividad (DPI2016-77156-R), and through the support of the Catalan Government (2014SGR00868) and the University of Girona (MPCUdG2016/036)</subfield>
   </datafield>
   <datafield ind1="8" ind2=" " tag="024">
      <subfield code="a">http://hdl.handle.net/10256/15788</subfield>
   </datafield>
   <datafield tag="653" ind2=" " ind1=" ">
      <subfield code="a">Cèl·lules humanes -- Cultius</subfield>
   </datafield>
   <datafield tag="653" ind2=" " ind1=" ">
      <subfield code="a">Human cell culture</subfield>
   </datafield>
   <datafield tag="653" ind2=" " ind1=" ">
      <subfield code="a">Three-dimensional printing</subfield>
   </datafield>
   <datafield tag="653" ind2=" " ind1=" ">
      <subfield code="a">Impressió 3D</subfield>
   </datafield>
   <datafield tag="653" ind2=" " ind1=" ">
      <subfield code="a">Materials biomèdics</subfield>
   </datafield>
   <datafield tag="653" ind2=" " ind1=" ">
      <subfield code="a">Biomedical materials</subfield>
   </datafield>
   <datafield ind2="0" ind1="0" tag="245">
      <subfield code="a">Design of a Scaffold Parameter Selection System with Additive Manufacturing for a Biomedical Cell Culture</subfield>
   </datafield>
</record></metadata></record></GetRecord></OAI-PMH>